[Event "FISU World University"]
[Site "Tornelo INT"]
[Date "2020.10.28"]
[Round "9.14"]
[White "Cardona Martinez, Lina Sofia"]
[Black "Rodriguez, Sofia"]
[Result "1-0"]
[WhiteElo "1877"]
[BlackElo "1783"]
[PlyCount "97"]
[EventDate "2020.10.26"]
[EventType "team-swiss (rapid)"]
[EventRounds "9"]
[EventCountry "NET"]
[SourceTitle "CBM 199 Extra"]
[Source "ChessBase"]
[SourceDate "2021.01.31"]
[SourceVersion "1"]
[SourceVersionDate "2021.01.31"]
[SourceQuality "1"]
[WhiteTeam "Colombia"]
[BlackTeam "Colombia IV"]
[WhiteTeamCountry "COL"]
[BlackTeamCountry "COL"]

1. e4 c5 2. Nf3 d6 3. d4 cxd4 4. Nxd4 Nf6 5. Nc3 a6 6. Bg5 Nbd7 7. Qd2 Qb6 8. 0-0-0 h6 9. Bh4 g5 10. Bg3 Nc5 11. f3 Bd7 12. Bf2 Qc7 13. g4 Bg7 14. h4 0-0-0 15. Kb1 gxh4 16. Rxh4 Ne6 17. Nf5 Bc6 18. Nxg7 Nxg7 19. Rxh6 Ne6 20. Nd5 Bxd5 21. exd5 Nc5 22. Bd4 Rxh6 23. Qxh6 Nxd5 24. Bc4 e6 25. Bxd5 exd5 26. b3 Re8 27. Qd2 Ne6 28. Bf6 d4 29. Bxd4 Nxd4 30. Qxd4 Re6 31. f4 Qe7 32. f5 Re4 33. Qh8+ Kd7 34. Qg7 Re2 35. Qc3 Re3 36. Qd2 Re2 37. Qd5 Kc7 38. Rd4 Re1+ 39. Kb2 Re5 40. Qc4+ Kb8 41. Qb4 Rb5 42. Qxd6+ Qxd6 43. Rxd6 Rb4 44. g5 Rb5 45. Rf6 Kc7 46. Rxf7+ Kd6 47. g6 Re5 48. g7 Re8 49. Rf8 1-0

[Event "FISU World University"]
[Site "Tornelo INT"]
[Date "2020.10.26"]
[Round "2.33"]
[White "Kulatunga, Dinithi"]
[Black "Rodriguez, Sofia"]
[Result "0-1"]
[WhiteElo "1402"]
[BlackElo "1783"]
[PlyCount "72"]
[EventDate "2020.10.26"]
[EventType "team-swiss (rapid)"]
[EventRounds "9"]
[EventCountry "NET"]
[SourceTitle "CBM 199 Extra"]
[Source "ChessBase"]
[SourceDate "2021.01.31"]
[SourceVersion "1"]
[SourceVersionDate "2021.01.31"]
[SourceQuality "1"]
[WhiteTeam "Sri Lanka II"]
[BlackTeam "Colombia IV"]
[WhiteTeamCountry "SRI"]
[BlackTeamCountry "COL"]

1. d4 Nf6 2. c4 c5 3. d5 b5 4. cxb5 a6 5. bxa6 Bxa6 6. Nc3 g6 7. e4 Bxf1 8. Kxf1 d6 9. g3 Bg7 10. Kg2 0-0 11. Nf3 Nbd7 12. Re1 Qb6 13. h3 Rfb8 14. Qc2 Ne8 15. Nd2 Nc7 16. f4 Nb5 17. Nc4 Qa6 18. e5 Nd4 19. Qd3 Rb4 20. b3 Nxb3 21. axb3 Qxa1 22. Bd2 Qa6 23. exd6 exd6 24. Na4 Rbb8 25. Re7 Nb6 26. Naxb6 Rxb6 27. Qe3 Rbb8 28. Rd7 Re8 29. Qd3 Rad8 30. Rc7 Bd4 31. Rc6 Qa1 32. Be3 Qe1 33. Ra6 Bxe3 34. Nxe3 Rxe3 35. Qc4 Qxg3+ 36. Kf1 Re1# 0-1

[Event "Barcelona Sant Marti op 21st"]
[Site "Barcelona"]
[Date "2019.07.21"]
[Round "9"]
[White "Rodriguez, Sofia"]
[Black "Shevtsova, Stefania"]
[Result "0-1"]
[WhiteElo "1801"]
[BlackElo "1506"]
[PlyCount "92"]
[EventDate "2019.07.13"]
[EventType "swiss"]
[EventRounds "9"]
[EventCountry "ESP"]
[SourceTitle "EXT 2020"]
[Source "ChessBase"]
[SourceDate "2019.10.17"]
[SourceVersion "1"]
[SourceVersionDate "2019.10.17"]
[SourceQuality "1"]

1. e4 c6 2. d4 d5 3. Nd2 dxe4 4. Nxe4 Bf5 5. Ng3 Bg6 6. Nf3 Nd7 7. Bd3 Bxd3 8. Qxd3 e6 9. Bf4 Qa5+ 10. Bd2 Bb4 11. c3 Be7 12. 0-0 Ngf6 13. b4 Qc7 14. Rfe1 0-0 15. c4 a6 16. Rac1 Rfd8 17. Qe2 Qb8 18. Ng5 Nf8 19. Nh5 Rxd4 20. Bc3 Rh4 21. Be5 Qe8 22. Bxf6 Bxf6 23. Ne4 Bb2 24. Nd6 Qb8 25. Rcd1 Bc3 26. Qf3 Rxh5 27. Qxf7+ Kh8 28. Qxh5 Bxe1 29. Nf7+ Kg8 30. Rxe1 Qe8 31. Nh6+ gxh6 32. Qxh6 Qg6 33. Qf4 Qf7 34. Qg4+ Qg6 35. Qf4 Rd8 36. h3 Rd7 37. Re3 Rf7 38. Qd4 Qb1+ 39. Kh2 Qxb4 40. Rg3+ Ng6 41. h4 Rf5 42. Qg4 Qc5 43. Rh3 Qxf2 44. h5 Qf4+ 45. Rg3 Qxg4 46. Rxg4 Rxh5+ 0-1

[Event "Barcelona Sant Marti op 21st"]
[Site "Barcelona"]
[Date "2019.07.20"]
[Round "8"]
[White "Planella Sanchez, Jordi"]
[Black "Rodriguez, Sofia"]
[Result "1-0"]
[WhiteElo "1978"]
[BlackElo "1801"]
[PlyCount "87"]
[EventDate "2019.07.13"]
[EventType "swiss"]
[EventRounds "9"]
[EventCountry "ESP"]
[SourceTitle "EXT 2020"]
[Source "ChessBase"]
[SourceDate "2019.10.17"]
[SourceVersion "1"]
[SourceVersionDate "2019.10.17"]
[SourceQuality "1"]

1. d4 Nf6 2. Nf3 g6 3. Nc3 Bg7 4. Bf4 d6 5. Qd2 h6 6. 0-0-0 Nh5 7. Be3 Nc6 8. h3 Na5 9. b3 b6 10. g4 Nf6 11. Nh4 Bb7 12. f3 Qd7 13. Bf2 0-0-0 14. e4 d5 15. e5 Ng8 16. f4 e6 17. Bb5 Bc6 18. Bd3 Kb8 19. f5 g5 20. Nf3 Bf8 21. f6 Ba3+ 22. Kb1 Bb4 23. Be1 Bb7 24. Qe2 c5 25. Bb5 Qc7 26. dxc5 bxc5 27. h4 gxh4 28. Rxh4 Bxc3 29. Bxc3 d4 30. Bxa5 Qxa5 31. Bd3 Qb4 32. Nd2 a5 33. Nc4 a4 34. Qd2 Qxd2 35. Rxd2 axb3 36. cxb3 Bd5 37. Kc2 Kc7 38. Rdh2 Ra8 39. a4 Rd8 40. g5 h5 41. Rxh5 Rxh5 42. Rxh5 Bf3 43. Rh7 Rf8 44. g6 1-0

[Event "Barcelona Sant Marti op 21st"]
[Site "Barcelona"]
[Date "2019.07.18"]
[Round "6"]
[White "Gupta, Rajesh RS"]
[Black "Rodriguez, Sofia"]
[Result "1-0"]
[WhiteElo "1626"]
[BlackElo "1801"]
[PlyCount "121"]
[EventDate "2019.07.13"]
[EventType "swiss"]
[EventRounds "9"]
[EventCountry "ESP"]
[SourceTitle "EXT 2020"]
[Source "ChessBase"]
[SourceDate "2019.10.17"]
[SourceVersion "1"]
[SourceVersionDate "2019.10.17"]
[SourceQuality "1"]

1. Nf3 Nf6 2. g3 g6 3. b3 Bg7 4. Bb2 d6 5. d4 d5 6. Bg2 e6 7. Ba3 Ne4 8. 0-0 Nc6 9. e3 Ne7 10. c4 0-0 11. Qc2 Re8 12. Nbd2 Nxd2 13. Nxd2 c6 14. Nf3 Rb8 15. Ne5 f6 16. Nf3 e5 17. dxe5 fxe5 18. cxd5 cxd5 19. Rac1 Nc6 20. Rfd1 Bf5 21. Qd2 Be4 22. Bb2 Qf6 23. Ne1 Bxg2 24. Kxg2 Rbd8 25. Qe2 Kh8 26. Qb5 Qf7 27. Nf3 Rf8 28. Qe2 d4 29. exd4 Nxd4 30. Nxd4 exd4 31. Rd3 Rde8 32. Qd2 Qd5+ 33. Kg1 Re4 34. Rd1 Rfe8 35. Bxd4 Bxd4 36. Rxd4 Re1+ 37. Rxe1 Rxe1+ 38. Qxe1 Qxd4 39. Qe8+ Kg7 40. Qe7+ Kg8 41. Qxb7 Qa1+ 42. Kg2 Qxa2 43. Qd5+ Kg7 44. Qd7+ Kg8 45. Qa4 Qb1 46. Qe8+ Kg7 47. Qe5+ Kh6 48. Qe3+ g5 49. h4 Qf5 50. Qxg5+ Qxg5 51. hxg5+ Kxg5 52. Kf3 h5 53. Ke4 Kg4 54. b4 a6 55. Ke3 Kg5 56. f3 Kf5 57. Kd4 Ke6 58. Ke4 Kd6 59. f4 Ke6 60. f5+ Kf6 61. Kf4 1-0

[Event "COL pre olympic sf2"]
[Site "Palmira"]
[Date "2019.06.03"]
[Round "10"]
[White "Valencia Lopez, Daily Vanessa"]
[Black "Rodriguez, Sofia"]
[Result "1/2-1/2"]
[WhiteElo "1589"]
[BlackElo "1799"]
[PlyCount "73"]
[EventDate "2019.05.29"]
[EventType "swiss"]
[EventRounds "10"]
[EventCountry "COL"]
[SourceTitle "CBM 190 Extra"]
[Source "ChessBase"]
[SourceDate "2019.07.15"]
[SourceVersion "1"]
[SourceVersionDate "2019.07.15"]
[SourceQuality "1"]

1. e4 c5 2. Nf3 d6 3. d4 cxd4 4. Nxd4 Nf6 5. Nc3 a6 6. Bg5 Nbd7 7. f4 h6 8. Bh4 Qb6 9. a3 e6 10. Bf2 Qc7 11. Qe2 Be7 12. 0-0-0 Nc5 13. g4 g5 14. e5 dxe5 15. fxe5 Nfd7 16. Bg3 Nb6 17. Bg2 Nba4 18. Qc4 Nxc3 19. Qxc3 Qb6 20. Ne2 Na4 21. Qd4 Qxd4 22. Rxd4 Nc5 23. Nc3 Rb8 24. Rhd1 b5 25. Bc6+ Kf8 26. Ne4 Nxe4 27. Bxe4 Kg7 28. R4d3 Bb7 29. Bxb7 Rxb7 30. Rd7 Rxd7 31. Rxd7 Bc5 32. Kd2 Rc8 33. c3 Kg6 34. Kd3 Rc6 35. h3 Kg7 36. Be1 Kg6 37. Bg3 1/2-1/2

[Event "COL pre olympic sf2"]
[Site "Palmira"]
[Date "2019.06.02"]
[Round "9"]
[White "Rodriguez, Sofia"]
[Black "Figueroa Navarro, Juan Jose"]
[Result "0-1"]
[WhiteElo "1799"]
[BlackElo "2052"]
[PlyCount "100"]
[EventDate "2019.05.29"]
[EventType "swiss"]
[EventRounds "10"]
[EventCountry "COL"]
[SourceTitle "CBM 190 Extra"]
[Source "ChessBase"]
[SourceDate "2019.07.15"]
[SourceVersion "1"]
[SourceVersionDate "2019.07.15"]
[SourceQuality "1"]

1. e4 e5 2. Nf3 Nc6 3. Bb5 a6 4. Ba4 Nf6 5. d3 b5 6. Bb3 Be7 7. 0-0 d6 8. c3 0-0 9. Re1 Na5 10. Bc2 c5 11. Nbd2 Re8 12. Nf1 Bf8 13. Bg5 h6 14. Bh4 g6 15. Ne3 Bg7 16. Nd5 g5 17. Nxf6+ Qxf6 18. Bg3 Bg4 19. Re3 h5 20. h3 Be6 21. Nd2 Qg6 22. d4 f6 23. d5 Bd7 24. b3 h4 25. Bh2 g4 26. c4 Bh6 27. Rc3 gxh3 28. g3 Kf7 29. Qe1 Rg8 30. Nf3 Qh5 31. Kh1 hxg3 32. fxg3 Ke7 33. Bd1 Qf7 34. Nh4 Bg5 35. Nf3 Nb7 36. a3 Nd8 37. Ra2 Qg6 38. Rf2 Nf7 39. Nxg5 Nxg5 40. Bc2 Bg4 41. Re3 Qe8 42. Bd1 Bxd1 43. Qxd1 Qd7 44. Qf1 Rab8 45. Qe1 b4 46. a4 a5 47. Qe2 Rh8 48. Rf5 Rbg8 49. Qf1 Rg6 50. Qf2 Re8 0-1

[Event "COL pre olympic sf2"]
[Site "Palmira"]
[Date "2019.05.30"]
[Round "3"]
[White "Rodriguez, Sofia"]
[Black "Ojeda, Jesus David"]
[Result "1/2-1/2"]
[WhiteElo "1799"]
[BlackElo "2090"]
[PlyCount "35"]
[EventDate "2019.05.29"]
[EventType "swiss"]
[EventRounds "10"]
[EventCountry "COL"]
[SourceTitle "CBM 190 Extra"]
[Source "ChessBase"]
[SourceDate "2019.07.15"]
[SourceVersion "1"]
[SourceVersionDate "2019.07.15"]
[SourceQuality "1"]

1. e4 e5 2. Nf3 Nc6 3. Bb5 a6 4. Ba4 Nf6 5. d3 Bc5 6. h3 d6 7. c3 b5 8. Bc2 Bb6 9. 0-0 h6 10. Qe2 g5 11. Be3 g4 12. Nh2 gxh3 13. g3 Bxe3 14. Qxe3 h5 15. Nf3 Rg8 16. Kh1 Ng4 17. Qe2 Ne7 18. Nh4 1/2-1/2

[Event "South America-ch U18 Girls 13th"]
[Site "Santiago de Chile"]
[Date "2016.12.01"]
[Round "1"]
[White "Rodriguez, Sofia"]
[Black "Arias Cango, Nathaly del Cisne"]
[Result "1/2-1/2"]
[WhiteElo "1781"]
[BlackElo "1784"]
[PlyCount "78"]
[EventDate "2016.12.01"]
[EventType "swiss"]
[EventRounds "9"]
[EventCountry "CHI"]
[SourceTitle "EXT 2018"]
[Source "ChessBase"]
[SourceDate "2017.10.13"]
[SourceVersion "1"]
[SourceVersionDate "2017.10.13"]
[SourceQuality "1"]

1. e4 c5 2. Nf3 e6 3. d4 cxd4 4. Nxd4 a6 5. Nc3 Qc7 6. g3 Bb4 7. Bd2 Nf6 8. Bg2 Nc6 9. Nde2 b5 10. 0-0 Bb7 11. Re1 0-0 12. Nf4 d6 13. a3 Bc5 14. Nd3 Ba7 15. Be3 Bxe3 16. Rxe3 Na5 17. Re1 Nc4 18. Nb1 Rac8 19. c3 d5 20. exd5 Nxd5 21. Qc2 Rfd8 22. Nd2 Nxd2 23. Qxd2 Nf6 24. Qe2 Bxg2 25. Kxg2 Qb7+ 26. Kg1 Rc4 27. Ne5 Rc5 28. Rad1 Rcd5 29. Qf3 Qc7 30. Ng4 Nxg4 31. Qxg4 h5 32. Qf3 Rf5 33. Qe4 Qb6 34. Qe2 h4 35. g4 Rfd5 36. Rxd5 Rxd5 37. Rd1 Qd6 38. Rxd5 Qxd5 39. h3 g6 1/2-1/2

[Event "COL pre olympic sf (Women)"]
[Site "Bogota"]
[Date "2016.05.30"]
[Round "9"]
[White "Rodriguez, Sofia"]
[Black "Sanchez, Rubiela"]
[Result "1-0"]
[WhiteElo "1838"]
[BlackElo "1625"]
[PlyCount "51"]
[EventDate "2016.05.25"]
[EventType "swiss"]
[EventRounds "9"]
[EventCountry "COL"]
[SourceTitle "CBM 172 Extra"]
[Source "ChessBase"]
[SourceDate "2016.06.21"]
[SourceVersion "1"]
[SourceVersionDate "2016.06.21"]
[SourceQuality "1"]

1. e4 d5 2. exd5 Qxd5 3. Nc3 Qa5 4. g3 e5 5. Bg2 Nf6 6. d3 Bb4 7. Bd2 c6 8. a3 Bxc3 9. Bxc3 Qc7 10. Ne2 Be6 11. d4 Nbd7 12. dxe5 Nxe5 13. Nf4 0-0 14. 0-0 Bf5 15. Nh5 Nfg4 16. h3 Nh6 17. f4 Rad8 18. Qe2 Neg4 19. Bxg7 Qb6+ 20. Kh1 Rfe8 21. Be5 f6 22. hxg4 Nxg4 23. Bf3 Rxe5 24. fxe5 fxe5 25. Bxg4 Bg6 26. Be6+ 1-0

[Event "COL pre olympic sf (Women)"]
[Site "Bogota"]
[Date "2016.05.27"]
[Round "5"]
[White "Rodriguez, Sofia"]
[Black "Velez Alvarez, Laura Camila"]
[Result "0-1"]
[WhiteElo "1838"]
[BlackElo "1821"]
[PlyCount "60"]
[EventDate "2016.05.25"]
[EventType "swiss"]
[EventRounds "9"]
[EventCountry "COL"]
[SourceTitle "CBM 172 Extra"]
[Source "ChessBase"]
[SourceDate "2016.06.21"]
[SourceVersion "1"]
[SourceVersionDate "2016.06.21"]
[SourceQuality "1"]

1. e4 c5 2. Nf3 d6 3. d4 cxd4 4. Nxd4 Nf6 5. Nc3 g6 6. h3 Nc6 7. g4 Bg7 8. Be3 d5 9. Bb5 Qd7 10. Qf3 e6 11. g5 Nxe4 12. Nxe4 dxe4 13. Qxe4 a6 14. 0-0-0 axb5 15. Nxb5 Qe7 16. Nd6+ Kf8 17. Bc5 Qxg5+ 18. Be3 Qe5 19. Qf3 Qxb2+ 20. Kd2 Qc3+ 21. Ke2 f5 22. Qf4 e5 23. Qf3 Be6 24. Kf1 Rd8 25. Kg2 Nd4 26. Qxb7 Rxd6 27. Qb8+ Ke7 28. Bg5+ Kd7 29. Qa7+ Qc7 30. Qa3 Qc6+ 0-1

[Event "COL-ch U20 Girls"]
[Site "Medellin"]
[Date "2016.03.18"]
[Round "5"]
[White "Dominguez, Laura Lucia"]
[Black "Rodriguez, Sofia"]
[Result "1/2-1/2"]
[WhiteElo "2078"]
[BlackElo "1794"]
[PlyCount "38"]
[EventDate "2016.03.16"]
[EventType "swiss"]
[EventRounds "7"]
[EventCountry "COL"]
[SourceTitle "CBM 171 Extra"]
[Source "ChessBase"]
[SourceDate "2016.04.26"]
[SourceVersion "1"]
[SourceVersionDate "2016.04.26"]
[SourceQuality "1"]

1. e4 e5 2. Nf3 Nc6 3. Bb5 f5 4. d3 fxe4 5. dxe4 Nf6 6. Nc3 Bc5 7. h3 0-0 8. Bg5 d6 9. Qd2 Be6 10. 0-0-0 a6 11. Ba4 Nd4 12. Nxd4 Bxd4 13. Bb3 Bxb3 14. axb3 c6 15. f3 Qa5 16. Kb1 Ne8 17. Qd3 h6 18. Bd2 Qc7 19. Ne2 Bb6 1/2-1/2

[Event "COL-ch U20 Girls"]
[Site "Medellin"]
[Date "2016.03.17"]
[Round "3"]
[White "Varela, Maria de los Angele"]
[Black "Rodriguez, Sofia"]
[Result "0-1"]
[WhiteElo "1595"]
[BlackElo "1794"]
[PlyCount "80"]
[EventDate "2016.03.16"]
[EventType "swiss"]
[EventRounds "7"]
[EventCountry "COL"]
[SourceTitle "CBM 171 Extra"]
[Source "ChessBase"]
[SourceDate "2016.04.26"]
[SourceVersion "1"]
[SourceVersionDate "2016.04.26"]
[SourceQuality "1"]

1. e4 c5 2. Nf3 d6 3. d4 cxd4 4. Nxd4 Nf6 5. Nc3 a6 6. Be2 e5 7. Nb3 Be7 8. Bg5 Nbd7 9. a4 h6 10. Bh4 b6 11. Bc4 Bb7 12. Nd2 Qc7 13. Qe2 0-0 14. 0-0-0 Nc5 15. Bxf6 Bxf6 16. Ba2 Rac8 17. Nc4 Rfd8 18. f3 Ne6 19. h4 Nd4 20. Qd2 Qc5 21. Ne2 b5 22. Ne3 bxa4 23. Nxd4 exd4 24. Ng4 Be5 25. Kb1 a3 26. Nf2 a5 27. g4 Ba6 28. f4 Bxf4 29. Nd3 Bxd3 30. Qxd3 Rb8 31. b3 Rbc8 32. Rhf1 Be5 33. Rf2 a4 34. Qf3 Rc7 35. Rd3 Qb4 36. g5 axb3 37. cxb3 Rdc8 38. Rd1 d3 39. Qxd3 Qb6 40. Rdf1 Qxf2 0-1

[Event "American Continental (Women) 09th"]
[Site "Lima"]
[Date "2016.02.21"]
[Round "2"]
[White "Rodriguez, Sofia"]
[Black "Pescoran Machaca, Mariabelen Isabel"]
[Result "1-0"]
[WhiteElo "1794"]
[BlackElo "1299"]
[PlyCount "125"]
[EventDate "2016.02.20"]
[EventType "swiss"]
[EventRounds "9"]
[EventCountry "PER"]
[SourceTitle "CBM 171 Extra"]
[Source "ChessBase"]
[SourceDate "2016.04.26"]
[SourceVersion "1"]
[SourceVersionDate "2016.04.26"]
[SourceQuality "1"]

1. e4 e6 2. d4 d5 3. Nd2 c5 4. exd5 exd5 5. Ngf3 Bd6 6. dxc5 Bxc5 7. Nb3 Bb6 8. Be2 Ne7 9. 0-0 0-0 10. Nbd4 Nbc6 11. c3 Bg4 12. h3 Nxd4 13. Nxd4 Bxe2 14. Nxe2 Qd7 15. Bg5 Rfe8 16. Qd2 f6 17. Be3 Bxe3 18. Qxe3 Kh8 19. Qd2 Rad8 20. Nd4 Nc6 21. Rfe1 Re5 22. Qf4 Qd6 23. Qh4 Rde8 24. Rxe5 Rxe5 25. Qg4 Qd8 26. Rd1 Qe8 27. f4 h5 28. Qf3 Re4 29. Nf5 Re1+ 30. Rxe1 Qxe1+ 31. Kh2 g6 32. Nd4 Nxd4 33. cxd4 Qe6 34. f5 Qxf5 35. Qxf5 gxf5 36. Kg3 Kg7 37. Kf4 Kg6 38. h4 b6 39. a4 a6 40. b4 b5 41. a5 Kg7 42. Kxf5 Kf7 43. g3 Ke7 44. Kg6 Ke6 45. Kxh5 Kf5 46. g4+ Ke4 47. Kg6 Kxd4 48. h5 Kc4 49. h6 Kxb4 50. h7 Kxa5 51. h8Q b4 52. Qxf6 b3 53. Qd4 Kb5 54. Qxd5+ Ka4 55. Qb7 a5 56. Qh1 b2 57. Qb1 Ka3 58. Kf5 a4 59. Ke4 Kb3 60. Qd1+ Ka3 61. Qd6+ Ka2 62. Qd2 Ka1 63. Qc3 1-0

[Event "COL-ch (Women)"]
[Site "Quibdo"]
[Date "2015.11.11"]
[Round "4"]
[White "Cespedes Galindo, Estefania"]
[Black "Rodriguez, Sofia"]
[Result "1-0"]
[WhiteElo "1698"]
[BlackElo "1810"]
[PlyCount "79"]
[EventDate "2015.11.10"]
[EventType "swiss"]
[EventRounds "9"]
[EventCountry "COL"]
[SourceTitle "CBM 169 Extra"]
[Source "ChessBase"]
[SourceDate "2015.12.18"]
[SourceVersion "1"]
[SourceVersionDate "2015.12.18"]
[SourceQuality "1"]

1. d4 g6 2. c4 Bg7 3. Nc3 Nf6 4. e4 d6 5. Bd3 0-0 6. Nge2 e5 7. d5 Nbd7 8. f3 Nc5 9. Bc2 a5 10. Be3 Nfd7 11. Qd2 Qh4+ 12. Bf2 Qd8 13. g4 Nb6 14. Bd3 f5 15. gxf5 gxf5 16. Bxc5 dxc5 17. 0-0-0 Qf6 18. Qe3 Qe7 19. exf5 Bxf5 20. Ng3 Bxd3 21. Qxd3 Qf7 22. Rhf1 Nc8 23. Nce4 b6 24. Ng5 Qg6 25. N3e4 Nd6 26. Ne6 Rf7 27. Rg1 Qf5 28. Rg5 Qh3 29. Rdg1 Nf5 30. Nf2 Qh4 31. Rxf5 Qxf2 32. Rfg5 e4 33. Rxg7+ Rxg7 34. Rxg7+ Kh8 35. Qc3 Qf1+ 36. Kc2 Qe2+ 37. Kb3 a4+ 38. Ka3 Qxf3 39. Qxf3 exf3 40. Rf7 1-0

[Event "COL-ch rapid (Women)"]
[Site "Quibdo"]
[Date "2015.11.09"]
[Round "4"]
[White "Franco Valencia, Beatriz Irene"]
[Black "Rodriguez, Sofia"]
[Result "1-0"]
[WhiteElo "2142"]
[BlackElo "1865"]
[PlyCount "73"]
[EventDate "2015.11.09"]
[EventType "swiss (rapid)"]
[EventRounds "9"]
[EventCountry "COL"]
[SourceTitle "CBM 169 Extra"]
[Source "ChessBase"]
[SourceDate "2015.12.18"]
[SourceVersion "1"]
[SourceVersionDate "2015.12.18"]
[SourceQuality "1"]

1. d4 Nf6 2. Nf3 g6 3. g3 Bg7 4. Bg2 d6 5. 0-0 0-0 6. c4 c6 7. Nc3 Nbd7 8. e4 e5 9. h3 h6 10. Be3 Re8 11. Qd2 Kh7 12. Rad1 exd4 13. Nxd4 Nb6 14. b3 d5 15. exd5 cxd5 16. c5 Nbd7 17. Ndb5 Ne4 18. Nxe4 dxe4 19. Nd6 Re7 20. Bxe4 Rxe4 21. Nxe4 Qe7 22. Nd6 Ne5 23. f4 Bxh3 24. fxe5 Qxe5 25. Qf2 Bxf1 26. Rxf1 f5 27. Rd1 Rf8 28. Bd4 Qe7 29. Bxg7 Qxg7 30. Re1 Qf6 31. Qe3 Qb2 32. Nxb7 Qxa2 33. Qe7+ Kg8 34. Qe6+ Kg7 35. Rd1 Rf7 36. Nd8 Rc7 37. Qe5+ 1-0

[Event "COL-ch rapid (Women)"]
[Site "Quibdo"]
[Date "2015.11.09"]
[Round "8"]
[White "Rodriguez, Sofia"]
[Black "Rivera, Ingris"]
[Result "0-1"]
[WhiteElo "1865"]
[BlackElo "2152"]
[PlyCount "76"]
[EventDate "2015.11.09"]
[EventType "swiss (rapid)"]
[EventRounds "9"]
[EventCountry "COL"]
[SourceTitle "CBM 169 Extra"]
[Source "ChessBase"]
[SourceDate "2015.12.18"]
[SourceVersion "1"]
[SourceVersionDate "2015.12.18"]
[SourceQuality "1"]

1. e4 c5 2. Nf3 d6 3. d4 cxd4 4. Nxd4 Nf6 5. Nc3 a6 6. f4 e5 7. Nf3 Nbd7 8. Bd3 b5 9. a3 Bb7 10. 0-0 Be7 11. Kh1 0-0 12. Qe1 Rc8 13. Bd2 Re8 14. Qg3 Bf8 15. Rae1 exf4 16. Qh3 Ne5 17. Bxf4 Ng6 18. Bg5 h6 19. Bh4 Nxh4 20. Nxh4 g6 21. Re2 Bg7 22. Ref2 Rc7 23. Re2 Bc8 24. Qg3 Nh5 25. Qf2 Bg4 26. Ree1 Be5 27. Nd5 Rb7 28. Nf3 Bxb2 29. Nd4 Bxa3 30. h3 Be6 31. Nc6 Qg5 32. g4 Bc5 33. Qf3 Bxd5 34. exd5 Rxe1 35. Rxe1 Nf4 36. Re4 Nxd3 37. cxd3 Qc1+ 38. Kg2 Qg1# 0-1

[Event "COL-ch blitz (Women)"]
[Site "Quibdo"]
[Date "2015.11.08"]
[Round "6"]
[White "Rodriguez, Sofia"]
[Black "Castrillon Gomez, Melissa"]
[Result "0-1"]
[WhiteElo "1822"]
[BlackElo "2095"]
[PlyCount "178"]
[EventDate "2015.11.08"]
[EventType "swiss (blitz)"]
[EventRounds "18"]
[EventCountry "COL"]
[SourceTitle "CBM 169 Extra"]
[Source "ChessBase"]
[SourceDate "2015.12.18"]
[SourceVersion "1"]
[SourceVersionDate "2015.12.18"]
[SourceQuality "1"]

1. e4 c5 2. Nf3 d6 3. d4 Nf6 4. Nc3 cxd4 5. Nxd4 g6 6. Be3 Bg7 7. f3 Nc6 8. Qd2 0-0 9. Bc4 Bd7 10. 0-0-0 Rc8 11. Bb3 Nxd4 12. Bxd4 b5 13. Kb1 a5 14. a3 b4 15. axb4 axb4 16. Nd5 Nxd5 17. Bxg7 Kxg7 18. exd5 Qa5 19. Qd4+ Kg8 20. h4 Ba4 21. Bxa4 Qxa4 22. b3 Qa5 23. h5 Qc7 24. Rd2 Qc3 25. Qxc3 Rxc3 26. hxg6 fxg6 27. Re2 Rc7 28. Rhe1 Kf7 29. Re6 Rfc8 30. R1e2 Rb8 31. R6e4 Rb5 32. Rc4 Ra7 33. Rd4 Rba5 34. Kc1 Ra1+ 35. Kd2 Rb7 36. Rh4 h5 37. Rc4 Rg1 38. Rf4+ Kg7 39. Rfe4 Kh6 40. Re6 Rc7 41. R6e4 Rb7 42. Kd3 Kg5 43. Kd2 Kf6 44. Re6+ Kf7 45. R6e4 g5 46. Kd3 Rd1+ 47. Kc4 Rh1 48. Kd3 h4 49. Rg4 Kf6 50. Kd2 Rb5 51. Rd4 h3 52. gxh3 Rxh3 53. Rd3 Rb7 54. Rf2 Kf7 55. Re3 Kf6 56. Rd3 Kf5 57. Rd4 Rb5 58. Rc4 Rxd5+ 59. Ke3 Re5+ 60. Kd3 Rb5 61. Ke3 Kf6 62. Kd3 d5 63. Rd4 e5 64. Rg4 e4+ 65. Ke2 exf3+ 66. Rxf3+ Rxf3 67. Kxf3 Kf5 68. Rd4 Rc5 69. Rd2 Rc3+ 70. Kf2 Ke5 71. Ke2 g4 72. Kf2 d4 73. Re2+ Kd5 74. Kg2 d3 75. cxd3 Rxd3 76. Re8 Rxb3 77. Rd8+ Kc4 78. Rg8 g3 79. Rc8+ Kd3 80. Rd8+ Kc2 81. Rc8+ Kb2 82. Re8 Rc3 83. Rb8 b3 84. Re8 Ka2 85. Ra8+ Kb1 86. Re8 b2 87. Re1+ Ka2 88. Re8 b1Q 89. Ra8+ Ra3 0-1

[Event "Barcelona Sant Marti op-A 17th"]
[Site "Barcelona"]
[Date "2015.07.13"]
[Round "1"]
[White "Rodriguez, Sofia"]
[Black "Stoeri, Simon"]
[Result "0-1"]
[WhiteElo "1783"]
[BlackElo "2229"]
[PlyCount "90"]
[EventDate "2015.07.13"]
[EventType "swiss"]
[EventRounds "9"]
[EventCountry "ESP"]
[SourceTitle "CBM 167 Extra"]
[Source "ChessBase"]
[SourceDate "2015.09.14"]
[SourceVersion "1"]
[SourceVersionDate "2015.09.14"]
[SourceQuality "1"]

1. e4 c5 2. Nf3 d6 3. d4 cxd4 4. Nxd4 Nf6 5. Nc3 Nc6 6. Bc4 e6 7. Bb3 Be7 8. Be3 0-0 9. Qe2 a6 10. 0-0-0 Qc7 11. Rhg1 b5 12. g4 b4 13. g5 bxc3 14. gxf6 cxb2+ 15. Kb1 Bxf6 16. Nxc6 Qxc6 17. Bd4 Bxd4 18. Rxd4 a5 19. e5 dxe5 20. Qxe5 f6 21. Qh5 Qe8 22. Qh6 Ra7 23. Rh4 g6 24. c3 Rg7 25. Rd4 Bd7 26. Qh4 g5 27. Qe4 Kh8 28. Kxb2 e5 29. Rd2 a4 30. Bd5 Qc8 31. Qc4 Qxc4 32. Bxc4 Rb8+ 33. Ka1 Rc8 34. Bd5 Rxc3 35. Kb2 Rc8 36. Rgd1 Bf5 37. Bg2 Rgc7 38. Rd6 Rb8+ 39. Ka1 Kg7 40. Bc6 a3 41. Ba4 Rb2 42. f3 Bc2 43. Rd7+ Rxd7 44. Rxd7+ Kg6 45. Bxc2+ Rxc2 0-1

[Event "Pan American-ch U16 Girls"]
[Site "Cali"]
[Date "2015.07.02"]
[Round "7"]
[White "Rodriguez, Sofia"]
[Black "Meza Rubio, Caroline"]
[Result "0-1"]
[WhiteElo "1769"]
[BlackElo "1690"]
[PlyCount "54"]
[EventDate "2015.06.28"]
[EventType "swiss"]
[EventRounds "9"]
[EventCountry "COL"]
[SourceTitle "EXT 2016"]
[Source "ChessBase"]
[SourceDate "2015.10.08"]
[SourceVersion "1"]
[SourceVersionDate "2015.10.08"]
[SourceQuality "1"]

1. e4 c5 2. Nf3 d6 3. d4 cxd4 4. Nxd4 Nf6 5. Nc3 a6 6. f4 e6 7. Bd3 Be7 8. Nf3 Nc6 9. 0-0 0-0 10. a4 b6 11. Qe1 Qc7 12. Kh1 Bb7 13. Qg3 Nb4 14. Bd2 Rfd8 15. Rae1 Rac8 16. e5 Nd7 17. Nb5 axb5 18. Bxb4 bxa4 19. f5 Nxe5 20. Nxe5 dxe5 21. f6 Bxf6 22. Rxf6 e4 23. Qh4 exd3 24. Rh6 Qxc2 25. Rg1 d2 26. Bc3 d1Q 27. Rxd1 Qxd1+ 0-1